<?xml version="1.0" encoding="UTF-8"?>
<collection xmlns="http://www.loc.gov/MARC21/slim">
 <record>
  <leader>00525pamaa2200157   4500</leader>
  <controlfield tag="001">0000021978</controlfield>
  <controlfield tag="005">20051128090000.0</controlfield>
  <datafield tag="020" ind1="0" ind2="0">
   <subfield code="a">019588616X (hard) </subfield>
  </datafield>
  <datafield tag="082" ind1=" " ind2=" ">
   <subfield code="a">306.74095957 WAR</subfield>
  </datafield>
  <datafield tag="090" ind1="0" ind2="0">
   <subfield code="a">HQ243.A5 </subfield>
   <subfield code="b">WAR</subfield>
  </datafield>
  <datafield tag="100" ind1="1" ind2="0">
   <subfield code="a">WARREN </subfield>
  </datafield>
  <datafield tag="245" ind1="1" ind2="0">
   <subfield code="a">Ah Ku and Karayuki-san : </subfield>
   <subfield code="b">prostitution in Singapore ( 1870-1940)  </subfield>
   <subfield code="c">James Francis Warren.</subfield>
  </datafield>
  <datafield tag="260" ind1="0" ind2="0">
   <subfield code="a">Singapore: </subfield>
   <subfield code="b">O.U.P., </subfield>
   <subfield code="c">1993.</subfield>
  </datafield>
  <datafield tag="300" ind1=" " ind2=" ">
   <subfield code="a">xvii, 433p.; </subfield>
   <subfield code="c">26cm.</subfield>
  </datafield>
  <datafield tag="440" ind1="0" ind2="0">
   <subfield code="a">South-East Asian social science monographs</subfield>
  </datafield>
  <datafield tag="650" ind1="0" ind2="0">
   <subfield code="a">Prostitution -- </subfield>
   <subfield code="x">History -- </subfield>
   <subfield code="y">19th century -- </subfield>
   <subfield code="z">Singapore </subfield>
  </datafield>
 </record>
</collection>
